000 00777cam a22002653a 4500
001 10376
003 PGUSA
005 20140828083223.0
008 031201s2003||||xxu|||||s|||||000 | eng d
040 _aPGUSA
_beng
042 _adc
050 4 _aE011
100 1 _aZitkala-Sa,
_d1876-1938
245 1 0 _aAmerican Indian Stories
_h[electronic resource] /
_cZitkala-Sa
260 _bProject Gutenberg,
_c2003
506 _aPublic domain in the USA.
516 _aElectronic text
653 _aYankton Indians -- Government relations
653 _aZitkala-Sa, 1876-1938
653 _aYankton women -- Biography
653 _aYankton Indians -- Social conditions
830 0 _aProject Gutenberg
_v10376
856 4 0 _uhttp://www.gutenberg.org/ebooks/10376
942 _cEB
999 _c239631
_d239631